000 00934nam a2200253Ia 4500
003 OSt
005 20220923224536.0
006 a|||||r|||| 00| 0
007 ta
008 220922b |||||||| |||| 00| 0 hin d
020 _c150
024 _a241,067
037 _b489, 03/03/2010, Vani Prakashan
_cTextual
040 _aARTS
_cARTS
_bhin
041 _2hin
_ahin
082 _aO152,1N292:g, P4
100 _aजोशी, मनोहर श्याम
245 0 _aरघुवीर सहाय
_b रचनाओं के बहाने एक स्मरण
246 _aRaghuvīr sahāya: rachanāoan ke bahāne ek smaraṇa
260 _aनयी दिल्ली
_b वाणी प्रकाशन
_c2004
300 _a111पृ.
_ccm.
942 _hO152,1N292:g, P4
_cTEXL
_2CC
999 _c372087
_d372087